000 00381nam a2200145Ia 4500
008 191201s2011 xx 000 0 und d
082 _a621.26
_bMOH
100 _aModi, P N
245 0 _aHydraulics and fluid Mechanics Including Hydraulics Machines
250 _a15th
260 _aN.Delhi
_bStandard Publishere
_c2011
300 _a1405
650 _aB.Tech(ME)
942 _2ddc
_cBK
999 _c2109
_d2109